000 00392nam a2200145 4500
001 131308
003 ES-MaACL
007 t|
008 070214s1975 sp r ||||1| spa d
100 1 _aRobles, Gilberto.
_997930
245 1 0 _aEstampas de barro y de luz /
_cGilberto Robles.
260 _aMadrid :
_bCastilla,
_c1975.
300 _a127 p. ;
_c20 cm.
852 _aES-MaACL
_jE-7422
_bR.91904
999 _c131308
_d131308